000 00693nam a2200205Ia 4500
001 9059
003 GE_BSU
008 181216s||||||||xx |||||||||||||| ||und||
040 _cGE_BSU
245 _aეკონომიკა 1-2. 2014
245 _bნალი.
245 _cმთ.რედ:რ.შენგელია.
260 _aთბილისი.
260 _c2014
300 _a209გვ;20სმ.
520 _aჟურნალი გამოდის 1918 წლიდან.მეცნიერება,პრაქტიკა გამოცდილება.
653 _aეკონომიკა.
653 _aპერიოდიკა
942 _cCR
999 _c42363
_d42363